000 00731nam a2200229 a 4500
999 _c1005
_d1005
001 1005
003 BD-JhCC
005 20211118134021.0
008 171012s1984 bg |||| ||a| 000 0 ben d
020 _a9840754297
035 _a(BD-JhCC)1005
040 _aBD-JhCC
_dBD-JhCC
041 _aben
082 _222
_a297.122
_bRHM 1984
100 _aরহমান, মুহাম্মদ হাবিবুর
245 _aকোরানসূত্র /
_cমুহাম্মদ হাবিবুর রহমান
260 _aঢাকা :
_bবাংলা একাডেমি প্রকাশনী,
_c১৯৮৪.
300 _a683 p.:
_c21 cm.
650 _aAL Qur'an
942 _2ddc
_cBK
_03